Państwa UE - Statystyki

Ogólne statystyki
  • Ten quiz został rozwiązany 31 razy
  • Średni wynik to 25 z 27
Statystyki odpowiedzi
Odpowiedź % Poprawnych
Czechy
100%
Finlandia
100%
Hiszpania
100%
Niemcy
100%
Austria
96%
Dania
96%
Holandia
96%
Irlandia
96%
Luksemburg
96%
Polska
96%
Szwecja
96%
Belgia
92%
Francja
92%
Grecja
92%
Litwa
92%
Łotwa
92%
Słowacja
92%
Słowenia
92%
Estonia
88%
Portugalia
88%
Włochy
88%
Bułgaria
85%
Rumunia
85%
Węgry
85%
Chorwacja
81%
Malta
81%
Macedonia
58%
Nie znaleziono quizów pasujących do podanych kryteriów
Rozkład punktacji
Procent ludzi z każdym wynikiem
Percentyl według liczby udzielonych odpowiedzi
Twoja historia wyników
Nie rozwiązałeś tego quizu